|
|
|
|
| LEADER |
00000nab a2200000 a 4500 |
| 001 |
vtls000144692 |
| 003 |
SK-MaSNL |
| 005 |
20260304062054.0 |
| 008 |
250422c1983 xo 0 slo |
| 015 |
|
|
|a SNBRB19rr/mm-uuuuu
|
| 035 |
|
|
|a CL0154799
|
| 035 |
|
|
|a urn:nbn:sk:snk-abdlne
|
| 035 |
|
|
|a (urnnbn)urn:nbn:sk:snk:ar-0064gd
|
| 035 |
|
|
|a (uuid)d283db8f-f868-40d5-959c-f3ed16a9eb8b
|
| 040 |
|
|
|a SNKBUCL
|b slo
|c SNKBUCL
|e AACR2
|
| 041 |
0 |
|
|a slo
|
| 044 |
|
|
|a xo
|c SK
|
| 080 |
|
|
|a 791.43
|2 1981
|
| 100 |
1 |
|
|a Opoldusová, Jena
|4 aut
|9 840529
|
| 245 |
1 |
0 |
|a Pokrvné puto
|c Jena Opoldusová
|
| 300 |
|
|
|b Obr. 3.
|
| 630 |
0 |
7 |
|a Pokrvné puto (film)
|2 snkbucl
|9 1347035
|
| 650 |
0 |
7 |
|a talianske filmy
|2 snkbucl
|9 889931
|
| 655 |
|
7 |
|a recenzie
|2 snkbucl
|9 21907
|
| 655 |
|
7 |
|a články z novín a časopisov
|2 snkbucl
|9 267496
|
| 773 |
0 |
|
|t Film a divadlo
|g Roč. 27, č. 3 (1983), s. 13
|
| 850 |
|
|
|a Slovenská národná knižnica
|
| 852 |
|
|
|a Slovenská národná knižnica
|
| 954 |
|
|
|a odborná, vedecká literatúra pôvodná (slovenská)
|2 lita
|
| 958 |
|
|
|a article19
|
| 958 |
|
|
|a OND
|
| 958 |
|
|
|a RK
|
| 958 |
|
|
|a EUIPO
|
| 992 |
|
|
|a RBX
|
| 999 |
|
|
|c 2736352
|d 2738282
|